000 00320 a2200145 4500
001 166635
020 _a
040 _cMagnum
100 _aOstrower, Fayga
240 1 0 _aCriatividade e processos de criacao
_lpor
245 1 0 _aCriatividade e processos de criacao
362 0 _a1899
697 _aARTES
942 _cBK
999 _c166635
_d166635